Stavebná logistika
Uplatnenie logistiky v stavebníctve a efektívne riadenie výstavbového procesu. Vysoká prácnosť v stavebníctve a racionálne riešenie technických a organizačných problémov materiálových a informačných tokov. Analýza súčasného stavu. Špecifiká stavebnej výroby. Potreba koordinácie a racionalizácie prie...
Gespeichert in:
| 1. Verfasser: | |
|---|---|
| Format: | Buchkapitel |
| Sprache: | Slowakisch |
| Schlagworte: | |
| Tags: |
Keine Tags, Fügen Sie das erste Tag hinzu!
|
MARC
| LEADER | 00000naa$a2200000$$$4500 | ||
|---|---|---|---|
| 001 | 0056927 | ||
| 005 | 20231108134008.4 | ||
| 041 | 0 | |a slo | |
| 044 | |a SK | ||
| 245 | 1 | 0 | |a Stavebná logistika |c Dagmar Hrdinová |
| 520 | |a Uplatnenie logistiky v stavebníctve a efektívne riadenie výstavbového procesu. Vysoká prácnosť v stavebníctve a racionálne riešenie technických a organizačných problémov materiálových a informačných tokov. Analýza súčasného stavu. Špecifiká stavebnej výroby. Potreba koordinácie a racionalizácie priebehu logistických procesov stavebnej výroby v záujme zvýšenia konkurencieschopnosti stavebných podnikov. | ||
| 610 | 2 | 0 | |a stavebníctvo |
| 610 | 2 | 0 | |a objekty stavebné |
| 610 | 2 | 0 | |a stavby |
| 610 | 2 | 0 | |a tok materiálu |
| 610 | 2 | 0 | |a tok informácií |
| 610 | 2 | 0 | |a práca stavebná |
| 610 | 2 | 0 | |a preprava |
| 610 | 2 | 0 | |a logistika |
| 610 | 2 | 0 | |a koordinácia |
| 610 | 2 | 0 | |a racionalizácia |
| 100 | 1 | |a Hrdinová, Dagmar | |